| 000 | 01131nam a2200313 a 4500 | ||
|---|---|---|---|
| 999 |
_c478287 _d478287 |
||
| 001 | 3068293 | ||
| 003 | NUST | ||
| 005 | 20180517063601.0 | ||
| 008 | 971009s1996 pk b 001 0 eng | ||
| 010 | _a 96930687 | ||
| 020 | _a9698329013 | ||
| 025 | _aP-E-96930687; 04 ;07 ;08 | ||
| 040 |
_aDLC _cDLC |
||
| 042 | _alcode | ||
| 043 | _aa-pk--- | ||
| 050 | 0 | 0 |
_aBP173.7 _b.S49 1996 |
| 082 | 0 | 0 |
_a322.1095491 _221 _bSHA 1996 |
| 100 | 1 |
_aShah, Syed Mujawar Hussain. _910306 |
|
| 245 | 1 | 0 |
_aReligion and politics in Pakistan, 1972-88 / _cSyed Mujawar Hussain Shah. |
| 260 |
_aIslamabad : _bQuaid-i-Azam Chair, National Institute of Pakistan Studies, Quaid-i-Azam University, _cc1996. |
||
| 300 |
_axi, 368 p. ; _c23 cm. |
||
| 504 | _aIncludes bibliographical references (p. 339-359) and index. | ||
| 650 | 0 |
_aIslam and politics _zPakistan. _94598 |
|
| 650 | 0 |
_aIslam and state _zPakistan. _97106 |
|
| 651 | 0 |
_aPakistan _xPolitics and government _y1971- _95529 |
|
| 906 |
_a7 _bcbc _corigode _d3 _encip _f19 _gy-gencatlg |
||
| 942 |
_2ddc _cBK |
||